000 00807cam a2200277 4500
001 2491
003 BD-RjUL
005 20211208233550.0
008 131211s1972 ii b 000 0 eng
035 _a(BD-RjUL)2518
040 _aDLC
_cDLC
_dDLC
_beng
041 _aeng
082 0 0 _a320.9549204
_216
_bAYL 1972
100 1 _aAyoob, Mohammed,
_d1942-
_98064
245 1 4 _aThe liberation war /
_cMohammed Ayoob and K. Subrahmanyam.
260 _aNew Delhi:
_bS. Chand,
_c1972
300 _axiii, 292 p. ;
_c23 cm.
350 _aRs25.00
504 _aIncludes bibliographical references.
526 _bSociology
650 0 _aIndia-Pakistan, Conflict, 1971.
_98065
651 0 _aBangladesh
_xPolitics and government.
_98066
700 1 _aSubrahmanyam, K.
_98067
942 _2ddc
_cBK
999 _c2491
_d2491